000 00249nam a2200097Ia 4500
001 762378
005 20250826165224.0
008 250824s9999 xx 000 0 und d
245 0 _aKEPÇE VE ARKADAŞLARI
_cYUSUF ASAL
260 _bNESİL ÇOCUK YAYINLARI
999 _c762378
_d762378